000 nam a22 a 4500
999 _c408358
_d408358
003 BLK
005 20210414161156.0
008 180408b bul|||||r ||||||| ||bul||
010 _aKNG00062104000
040 _aBLK
041 _aRUS
_cRUS
080 _aЛексикология. Езикови речници и разговорници. Лексикография
_b81`374
_x=161.1
_z81`374=161.1
100 _aСимонов, Леонид Николаевич
_eпърви автор
_9448391
139 _aСимонов, Леонид Николаевич
245 1 0 _aСловарь практических сведений, необходимых в жизни всякому
_cЛ. Симонов.
257 _aRUS
260 _aС.-Петербург
_bА. С. Суворин
_c1884
_9217581
300 _a1232 с., 32 л.
_bил.
_c26 см
380 _a80
490 _9435080
_aКолекция Редки и ценни издания
650 0 _9278388
_aРуски език - речници
852 _aРр 884
_bРц
942 _cKNG
_n0
_s1
944 _aCR
_c2021-04-14
_kКети